Cette ville est-elle aux Pays-Bas, en Belgique ou au Luxembourg ? - Statistiques

Statistiques générales
  • Ce quiz a été pris 367 fois
  • Le résultat moyen est 12 sur 15
Statistiques - réponses
Question Réponse % Correct
Courtrai Belgique
95%
Mons Belgique
94%
Mouscron Belgique
94%
Utrecht Pays-Bas
92%
Differdange Luxembourg
86%
Zwolle Pays-Bas
86%
Esch-sur-Alzette Luxembourg
83%
Blankenberghe Belgique
80%
Dudelange Luxembourg
80%
Almere Pays-Bas
72%
Enschede Pays-Bas
70%
Medemblik Pays-Bas
70%
Lommel Belgique
69%
Turnhout Belgique
64%
Nimègue Pays-Bas
48%
Aucun quiz correspondant
Distribution des résultats
% des personnes avec chaque résultat
Percentile par nombre de réponses
Votre historique - résultats
Vous n’avez pas pris ce quiz